Etudes sur le système pénitentiaire et sur son application au régime des prisons de France / (Record no. 48627)

MARC details
000 -LEADER
campo de control de longitud fija 00568nam a2200169 i 4500
001 - NÚMERO DE CONTROL
campo de control 48627
003 - IDENTIFICADOR DE NÚMERO DE CONTROL
campo de control ES-MaACL
005 - FECHA Y HORA DE LA ÚLTIMA TRANSACCIÓN
campo de control 20230906161803.0
007 - CAMPO FIJO DE DESCRIPCIÓN FÍSICA--INFORMACIÓN GENERAL
campo de control de longitud fija t|
008 - DATOS DE LONGITUD FIJA--INFORMACIÓN GENERAL
campo de control de longitud fija 950725s1875 fr |||| | fre d
100 1# - ENTRADA PRINCIPAL--NOMBRE DE PERSONA
Nombre de persona Diard, H.
9 (RLIN) 44106
245 10 - MENCIÓN DEL TÍTULO
Título Etudes sur le système pénitentiaire et sur son application au régime des prisons de France /
Mención de responsabilidad, etc. par H. Diard...
260 ## - PUBLICACIÓN, DISTRIBUCIÓN, ETC.
Lugar de publicación, distribución, etc. Tours :
Nombre del editor, distribuidor, etc. [s.n.],
Fecha de publicación, distribución, etc. 1875 (
Fabricante Imp. Ladevèze)
300 ## - DESCRIPCIÓN FÍSICA
Extensión VIII, 168 p. ;
Dimensiones 22 cm.
650 ## - PUNTO DE ACCESO ADICIONAL DE MATERIA--TÉRMINO DE MATERIA
Término de materia o nombre geográfico como elemento de entrada Derecho penitenciario-
Subdivisión geográfica Francia.
9 (RLIN) 141896
852 ## - LOCALIZACIÓN
Ubicación ES-MaACL
Número de control de estantería D-203(1)
Nota libre .- Donativo Lastres
Holdings
Estatus retirado Estado de pérdida Estado de daño No para préstamo Colección Biblioteca de origen Biblioteca actual Ubicación en estantería Fecha de adquisición Fuente de adquisición Total de préstamos Signatura topográfica completa Código de barras Visto por última vez Precio de reemplazo Tipo de ítem Koha
        Libros del s. XIX Biblioteca del Ateneo de Madrid Biblioteca del Ateneo de Madrid Sala Valle Inclán 17/01/2008     D-203(1) 901051172 23/02/2023 23/02/2023 Libro impreso antiguo